[Event "EUYCC 2020 - U14"]
[Site "?"]
[Date "2020.08.22"]
[Round "9.1"]
[White "Stalmach, Richard"]
[Black "Janous, Marek"]
[Result "1-0"]
[BlackElo "1968"]
[WhiteElo "2273"]
[LiveChessVersion "1.4.8"]

1. d4 {[%clk 1:30:57]} Nf6 {[%clk 1:30:48]} 2. c4 {[%clk 1:31:23]} c5
{[%clk 1:31:15]} 3. d5 {[%clk 1:31:47]} b5 {[%clk 1:31:30]} 4. cxb5
{[%clk 1:32:14]} a6 {[%clk 1:31:37]} 5. bxa6 {[%clk 1:32:32]} g6 {[%clk 1:31:31]}
6. Nc3 {[%clk 1:32:55]} Bg7 {[%clk 1:31:56]} 7. e4 {[%clk 1:33:15]} O-O
{[%clk 1:32:20]} 8. Nf3 {[%clk 1:32:05]} Qa5 {[%clk 1:32:20]} 9. Bd2
{[%clk 1:31:32]} Bxa6 {[%clk 1:32:44]} 10. Be2 {[%clk 1:10:08]} Bxe2
{[%clk 1:32:02]} 11. Qxe2 {[%clk 1:10:32]} Qa6 {[%clk 1:32:26]} 12. a4
{[%clk 0:55:11]} Qxe2+ {[%clk 1:30:48]} 13. Kxe2 {[%clk 0:55:37]} d6
{[%clk 1:31:11]} 14. Ne1 {[%clk 0:47:59]} Na6 {[%clk 1:31:20]} 15. Nc2
{[%clk 0:45:30]} Rfb8 {[%clk 1:30:30]} 16. Rab1 {[%clk 0:42:17]} Rb7
{[%clk 1:21:52]} 17. f3 {[%clk 0:41:02]} Ne8 {[%clk 1:18:10]} 18. Na3
{[%clk 0:40:36]} Rab8 {[%clk 1:16:41]} 19. Ncb5 {[%clk 0:37:36]} Nec7
{[%clk 1:16:41]} 20. b3 {[%clk 0:32:31]} Kf8 {[%clk 1:14:50]} 21. Rhc1
{[%clk 0:31:16]} Ke8 {[%clk 1:12:19]} 22. Ba5 {[%clk 0:30:12]} Kd7
{[%clk 1:11:45]} 23. Bxc7 {[%clk 0:30:34]} Nxc7 {[%clk 1:12:08]} 24. Nxc7
{[%clk 0:31:02]} Kxc7 {[%clk 1:11:51]} 25. Nb5+ {[%clk 0:30:40]} Kb6
{[%clk 1:12:03]} 26. Kd3 {[%clk 0:29:12]} Ka5 {[%clk 1:10:15]} 27. f4
{[%clk 0:28:51]} Rb6 {[%clk 1:08:20]} 28. Rc4 {[%clk 0:28:32]} h5
{[%clk 1:03:42]} 29. e5 {[%clk 0:26:53]} dxe5 {[%clk 0:59:50]} 30. Rxc5
{[%clk 0:27:11]} exf4 {[%clk 0:59:39]} 31. Kc4 {[%clk 0:23:11]} Ka6
{[%clk 0:57:07]} 32. b4 {[%clk 0:23:33]} Be5 {[%clk 0:57:22]} 33. Nd4
{[%clk 0:14:26]} Bxd4 {[%clk 0:40:08]} 34. b5+ {[%clk 0:13:46]} Ka5
{[%clk 0:39:19]} 35. Kxd4 {[%clk 0:14:13]} f6 {[%clk 0:38:16]} 36. Re1
{[%clk 0:14:36]} R8b7 {[%clk 0:36:58]} 37. Rc8 {[%clk 0:15:04]} Rb8
{[%clk 0:35:32]} 38. Rc7 {[%clk 0:15:15]} R6b7 {[%clk 0:35:29]} 39. Rc6
{[%clk 0:12:37]} Ra8 {[%clk 0:34:05]} 40. Kc4 {[%clk 0:12:13]} Rd7
{[%clk 0:33:52]} 41. Ree6 {[%clk 0:11:18]} Rda7 {[%clk 0:33:12]} 42. b6
{[%clk 0:07:25]} Rb7 {[%clk 0:33:01]} 43. Rc5+ {[%clk 0:07:20]} Ka6
{[%clk 0:32:52]} 44. a5 {[%clk 0:06:14]} Rab8 {[%clk 0:32:51]} 45. Rec6
{[%clk 0:05:32]} g5 {[%clk 0:31:40]} 46. Rc7 {[%clk 0:04:33]} Rxc7
{[%clk 0:29:53]} 47. Rxc7 {[%clk 0:04:40]} Kxa5 {[%clk 0:29:56]} 48. Kc5
{[%clk 0:05:07]} Rxb6 {[%clk 0:30:15]} 49. Ra7+ {[%clk 0:05:33]} Ra6
{[%clk 0:30:40]} 50. Rxe7 {[%clk 0:06:00]} Ra8 {[%clk 0:30:36]} 51. d6
{[%clk 0:06:21]} Ka6 {[%clk 0:29:01]} 52. d7 {[%clk 0:06:37]} Rd8
{[%clk 0:29:12]} 53. Kc6 {[%clk 0:07:03]} g4 {[%clk 0:29:35]} 54. Re8
{[%clk 0:07:29]} 1-0

[Event "EUYCC 2020 - U14"]
[Site "?"]
[Date "2020.08.22"]
[Round "9.2"]
[White "Winter, Ondrej"]
[Black "Kostov, Deyan Samuil"]
[Result "0-1"]
[BlackElo "2119"]
[WhiteElo "1945"]
[LiveChessVersion "1.4.8"]

1. e4 {[%clk 1:30:57]} c5 {[%clk 1:30:55]} 2. Nf3 {[%clk 1:31:23]} d6
{[%clk 1:31:19]} 3. c3 {[%clk 1:31:48]} Nf6 {[%clk 1:31:37]} 4. h3
{[%clk 1:32:11]} Nc6 {[%clk 1:31:46]} 5. Bd3 {[%clk 1:31:14]} d5 {[%clk 1:31:28]}
6. e5 {[%clk 1:27:21]} Nd7 {[%clk 1:31:38]} 7. Qe2 {[%clk 1:20:23]} Qc7
{[%clk 1:31:42]} 8. e6 {[%clk 1:15:07]} fxe6 {[%clk 1:30:05]} 9. Ng5
{[%clk 1:03:12]} Nf6 {[%clk 1:25:12]} 10. Bxh7 {[%clk 0:39:53]} Nxh7
{[%clk 1:20:13]} 11. Qh5+ {[%clk 0:40:03]} Kd7 {[%clk 1:20:34]} 12. Nf7
{[%clk 0:40:22]} g6 {[%clk 1:17:52]} 13. Qh4 {[%clk 0:38:21]} Rg8
{[%clk 1:16:57]} 14. d4 {[%clk 0:18:53]} cxd4 {[%clk 1:09:50]} 15. cxd4
{[%clk 0:17:24]} Ke8 {[%clk 1:04:30]} 16. Bf4 {[%clk 0:12:46]} Qb6
{[%clk 1:01:14]} 17. O-O {[%clk 0:10:06]} Kxf7 {[%clk 0:58:36]} 18. Qxh7+
{[%clk 0:09:37]} Bg7 {[%clk 0:57:55]} 19. Qh4 {[%clk 0:08:13]} Bf6
{[%clk 0:56:17]} 20. Qh7+ {[%clk 0:07:32]} Rg7 {[%clk 0:55:38]} 21. Qh8
{[%clk 0:07:34]} Qd8 {[%clk 0:52:08]} 22. Qh6 {[%clk 0:07:16]} Nxd4
{[%clk 0:51:48]} 23. g4 {[%clk 0:06:41]} Ne2+ {[%clk 0:47:58]} 0-1

[Event "EUYCC 2020 - U14"]
[Site "?"]
[Date "2020.08.22"]
[Round "9.3"]
[White "Nedelcu, Teodor-Cosmin"]
[Black "Mihelic, Vesna"]
[Result "1-0"]
[BlackElo "1966"]
[WhiteElo "2041"]
[LiveChessVersion "1.4.8"]

1. d4 {[%clk 1:30:59]} d5 {[%clk 1:30:53]} 2. c4 {[%clk 1:31:23]} e6
{[%clk 1:31:17]} 3. Nc3 {[%clk 1:31:49]} Nf6 {[%clk 1:31:34]} 4. cxd5
{[%clk 1:32:15]} exd5 {[%clk 1:31:58]} 5. Bg5 {[%clk 1:32:38]} Nbd7
{[%clk 1:32:19]} 6. e3 {[%clk 1:32:58]} Be7 {[%clk 1:32:36]} 7. Bd3
{[%clk 1:32:55]} c6 {[%clk 1:32:42]} 8. Nge2 {[%clk 1:32:46]} Nf8
{[%clk 1:32:52]} 9. Qc2 {[%clk 1:31:13]} h6 {[%clk 1:32:04]} 10. Bh4
{[%clk 1:29:48]} Ne6 {[%clk 1:32:10]} 11. f3 {[%clk 1:27:55]} a5 {[%clk 1:29:05]}
12. Rd1 {[%clk 1:24:26]} b5 {[%clk 1:16:26]} 13. e4 {[%clk 1:20:13]} dxe4
{[%clk 1:04:00]} 14. Nxe4 {[%clk 1:15:11]} Bb7 {[%clk 1:02:40]} 15. Nxf6+
{[%clk 1:12:46]} Bxf6 {[%clk 1:03:02]} 16. Bxf6 {[%clk 1:12:32]} Qxf6
{[%clk 1:03:03]} 17. d5 {[%clk 1:11:15]} Qh4+ {[%clk 0:56:01]} 18. Kf1
{[%clk 0:46:01]} cxd5 {[%clk 0:39:45]} 19. Bxb5+ {[%clk 0:46:18]} Kf8
{[%clk 0:38:18]} 20. Bd7 {[%clk 0:42:24]} Qc4 {[%clk 0:34:57]} 21. Qxc4
{[%clk 0:40:28]} dxc4 {[%clk 0:35:00]} 22. Bxe6 {[%clk 0:40:35]} fxe6
{[%clk 0:35:28]} 23. Rd7 {[%clk 0:40:31]} Ba6 {[%clk 0:32:14]} 24. Kf2
{[%clk 0:40:08]} g5 {[%clk 0:29:46]} 25. Nd4 {[%clk 0:39:23]} Rb8
{[%clk 0:27:11]} 26. Nxe6+ {[%clk 0:38:18]} Ke8 {[%clk 0:27:09]} 27. Rhd1
{[%clk 0:38:18]} Rxb2+ {[%clk 0:24:14]} 28. Kg3 {[%clk 0:38:13]} Bc8
{[%clk 0:18:53]} 29. Nc7+ {[%clk 0:38:13]} Kf8 {[%clk 0:19:14]} 30. Rd8+
{[%clk 0:38:27]} Kg7 {[%clk 0:19:13]} 31. Rxh8 {[%clk 0:38:52]} Kxh8
{[%clk 0:19:34]} 32. Rd8+ {[%clk 0:39:20]} Kg7 {[%clk 0:19:54]} 33. Rxc8
{[%clk 0:39:46]} Rxa2 {[%clk 0:20:05]} 34. Nb5 {[%clk 0:38:48]} Rb2
{[%clk 0:16:32]} 35. Nd6 {[%clk 0:38:37]} Rd2 {[%clk 0:14:07]} 36. Rc7+
{[%clk 0:37:51]} Kf8 {[%clk 0:14:10]} 37. Nf5 {[%clk 0:30:24]} Rc2
{[%clk 0:13:36]} 38. Ne3 {[%clk 0:30:36]} Re2 {[%clk 0:11:56]} 39. Nd5
{[%clk 0:30:33]} Rc2 {[%clk 0:12:12]} 40. Nb6 {[%clk 0:29:05]} c3
{[%clk 0:12:13]} 41. Na4 {[%clk 0:28:56]} Ra2 {[%clk 0:12:18]} 42. Nxc3
{[%clk 0:29:17]} Rc2 {[%clk 0:12:41]} 43. Rc5 {[%clk 0:29:45]} Kf7
{[%clk 0:12:52]} 44. Na4 {[%clk 0:29:15]} Rd2 {[%clk 0:11:38]} 45. Rxa5
{[%clk 0:29:36]} Rd4 {[%clk 0:11:56]} 46. Nc5 {[%clk 0:29:56]} h5
{[%clk 0:12:05]} 47. Ne4 {[%clk 0:30:09]} 1-0

[Event "EUYCC 2020 - U14"]
[Site "?"]
[Date "2020.08.22"]
[Round "9.4"]
[White "Lang, Simon"]
[Black "Backiel, Hubert"]
[Result "0-1"]
[BlackElo "1943"]
[WhiteElo "1735"]
[LiveChessVersion "1.4.8"]

1. e4 {[%clk 1:30:05]} c5 {[%clk 1:30:55]} 2. Nf3 {[%clk 1:29:10]} e6
{[%clk 1:31:18]} 3. d4 {[%clk 1:28:05]} cxd4 {[%clk 1:31:42]} 4. Nxd4
{[%clk 1:27:15]} Nf6 {[%clk 1:32:08]} 5. Nc3 {[%clk 1:26:07]} d6 {[%clk 1:32:32]}
6. Bg5 {[%clk 1:24:15]} h6 {[%clk 1:30:02]} 7. Bh4 {[%clk 1:20:14]} Be7
{[%clk 1:30:06]} 8. f4 {[%clk 1:17:58]} a6 {[%clk 1:26:08]} 9. Qf3
{[%clk 1:17:08]} Qc7 {[%clk 1:22:13]} 10. O-O-O {[%clk 1:15:18]} Nbd7
{[%clk 1:21:22]} 11. Bd3 {[%clk 1:11:49]} b5 {[%clk 1:19:34]} 12. Bxf6
{[%clk 1:01:55]} gxf6 {[%clk 1:06:30]} 13. e5 {[%clk 0:49:32]} Bb7
{[%clk 1:01:31]} 14. Qh5 {[%clk 0:49:22]} Nc5 {[%clk 0:57:24]} 15. Bxb5+
{[%clk 0:49:15]} axb5 {[%clk 0:57:39]} 16. Ndxb5 {[%clk 0:49:26]} Qb6
{[%clk 0:45:08]} 17. exd6 {[%clk 0:46:50]} Bd8 {[%clk 0:43:47]} 18. d7+
{[%clk 0:43:49]} Ke7 {[%clk 0:43:18]} 19. Rd6 {[%clk 0:43:18]} Bc6
{[%clk 0:35:20]} 20. f5 {[%clk 0:42:17]} Bc7 {[%clk 0:32:53]} 21. fxe6
{[%clk 0:41:26]} fxe6 {[%clk 0:31:13]} 22. Nd5+ {[%clk 0:40:25]} exd5
{[%clk 0:22:39]} 23. Re1+ {[%clk 0:39:45]} Ne4 {[%clk 0:22:34]} 24. Rxd5
{[%clk 0:30:33]} Bxd5 {[%clk 0:22:08]} 25. Nxc7 {[%clk 0:25:28]} Qxc7
{[%clk 0:21:51]} 26. Qxd5 {[%clk 0:25:46]} Qf4+ {[%clk 0:18:58]} 27. Kb1
{[%clk 0:26:05]} f5 {[%clk 0:18:54]} 28. g3 {[%clk 0:25:36]} Qf2 {[%clk 0:15:52]}
29. Qe5+ {[%clk 0:25:12]} Kxd7 {[%clk 0:15:05]} 30. Rd1+ {[%clk 0:25:17]} Nd2+
{[%clk 0:13:45]} 31. Kc1 {[%clk 0:25:02]} Rhe8 {[%clk 0:13:17]} 32. Qd5+
{[%clk 0:24:51]} Kc7 {[%clk 0:13:15]} 33. Qf7+ {[%clk 0:23:23]} Kb6
{[%clk 0:12:35]} 34. Qf6+ {[%clk 0:23:24]} Kb7 {[%clk 0:11:51]} 35. Qf7+
{[%clk 0:23:21]} Ka6 {[%clk 0:12:09]} 36. Qf6+ {[%clk 0:23:01]} Qb6
{[%clk 0:12:32]} 37. Qxf5 {[%clk 0:23:07]} Rad8 {[%clk 0:12:08]} 38. Qf4
{[%clk 0:21:44]} Re4 {[%clk 0:11:05]} 39. Qf5 {[%clk 0:21:48]} Nc4
{[%clk 0:11:00]} 0-1

[Event "EUYCC 2020 - U14"]
[Site "?"]
[Date "2020.08.22"]
[Round "9.5"]
[White "Kostov, Kiril"]
[Black "Hak, David"]
[Result "0-1"]
[BlackElo "2125"]
[WhiteElo "1815"]
[LiveChessVersion "1.4.8"]

1. e4 {[%clk 1:29:30]} c5 {[%clk 1:30:48]} 2. c3 {[%clk 1:28:30]} d5
{[%clk 1:31:09]} 3. exd5 {[%clk 1:27:29]} Qxd5 {[%clk 1:31:26]} 4. d4
{[%clk 1:26:30]} Nc6 {[%clk 1:31:03]} 5. Nf3 {[%clk 1:25:30]} Bg4
{[%clk 1:31:12]} 6. Be2 {[%clk 1:24:30]} e6 {[%clk 1:25:21]} 7. O-O
{[%clk 1:22:50]} Nf6 {[%clk 1:23:51]} 8. Be3 {[%clk 1:21:30]} cxd4
{[%clk 1:13:27]} 9. cxd4 {[%clk 1:21:25]} Be7 {[%clk 1:12:13]} 10. Nc3
{[%clk 1:19:44]} Qd6 {[%clk 1:07:26]} 11. a3 {[%clk 1:16:58]} O-O
{[%clk 1:05:11]} 12. Rc1 {[%clk 1:14:07]} Rfd8 {[%clk 1:00:48]} 13. b4
{[%clk 1:06:35]} a6 {[%clk 0:53:42]} 14. Qb3 {[%clk 1:04:18]} Bf8
{[%clk 0:23:41]} 15. Rfd1 {[%clk 1:02:15]} Ne7 {[%clk 0:19:30]} 16. Ne5
{[%clk 0:57:02]} Bxe2 {[%clk 0:19:41]} 17. Nxe2 {[%clk 0:57:21]} Ned5
{[%clk 0:18:49]} 18. Ng3 {[%clk 0:51:05]} Qe7 {[%clk 0:10:10]} 19. Nc4
{[%clk 0:45:25]} Rd7 {[%clk 0:05:05]} 20. Bg5 {[%clk 0:44:49]} h6
{[%clk 0:04:44]} 21. Bxf6 {[%clk 0:44:45]} Qxf6 {[%clk 0:05:13]} 22. Ne4
{[%clk 0:44:58]} Qd8 {[%clk 0:04:32]} 23. Na5 {[%clk 0:42:44]} Nf6
{[%clk 0:02:06]} 24. Nc5 {[%clk 0:39:20]} Rxd4 {[%clk 0:01:45]} 25. Naxb7
{[%clk 0:38:59]} Rxd1+ {[%clk 0:02:15]} 26. Qxd1 {[%clk 0:38:21]} Qxd1+
{[%clk 0:01:04]} 27. Rxd1 {[%clk 0:38:40]} a5 {[%clk 0:00:54]} 28. b5
{[%clk 0:38:50]} Rc8 {[%clk 0:00:53]} 29. Na6 {[%clk 0:36:22]} a4
{[%clk 0:00:45]} 30. Kf1 {[%clk 0:33:49]} Bxa3 {[%clk 0:01:06]} 31. Rd4
{[%clk 0:34:10]} Rc1+ {[%clk 0:01:20]} 32. Ke2 {[%clk 0:34:34]} Nd5
{[%clk 0:01:03]} 33. Kd2 {[%clk 0:32:01]} Rb1 {[%clk 0:01:08]} 34. Rxa4
{[%clk 0:31:03]} Rxb5 {[%clk 0:01:21]} 35. Rxa3 {[%clk 0:29:01]} Rxb7
{[%clk 0:01:50]} 36. Ra2 {[%clk 0:29:08]} Rb5 {[%clk 0:00:58]} 37. Rc2
{[%clk 0:25:18]} Nf4 {[%clk 0:00:50]} 38. g3 {[%clk 0:25:24]} Ng6
{[%clk 0:00:46]} 39. f4 {[%clk 0:25:21]} Rh5 {[%clk 0:00:39]} 40. Ke3
{[%clk 0:25:37]} Ne7 {[%clk 0:00:46]} 41. Nc5 {[%clk 0:25:25]} Nd5+
{[%clk 0:00:39]} 42. Kf3 {[%clk 0:25:09]} Nf6 {[%clk 0:00:36]} 43. Nd3
{[%clk 0:25:04]} Ra5 {[%clk 0:00:41]} 44. Ne5 {[%clk 0:25:12]} Ra3+
{[%clk 0:01:07]} 45. Kg2 {[%clk 0:25:29]} Ra8 {[%clk 0:00:49]} 46. Rc7
{[%clk 0:25:45]} Rf8 {[%clk 0:00:47]} 47. Kf3 {[%clk 0:26:03]} Nd5
{[%clk 0:01:09]} 48. Ra7 {[%clk 0:26:17]} f6 {[%clk 0:00:52]} 49. Nd7
{[%clk 0:25:22]} Rc8 {[%clk 0:00:49]} 50. Rb7 {[%clk 0:25:11]} Rc3+
{[%clk 0:00:37]} 51. Kg2 {[%clk 0:24:38]} Rc2+ {[%clk 0:00:58]} 52. Kh3
{[%clk 0:24:54]} Ne3 {[%clk 0:00:43]} 53. Rb1 {[%clk 0:24:11]} Kf7
{[%clk 0:00:38]} 54. Re1 {[%clk 0:23:29]} Nd5 {[%clk 0:00:42]} 55. Ra1
{[%clk 0:22:21]} Rc7 {[%clk 0:00:36]} 56. Nb8 {[%clk 0:22:30]} Kg6
{[%clk 0:00:36]} 57. Re1 {[%clk 0:21:46]} Kf5 {[%clk 0:00:42]} 58. Na6
{[%clk 0:20:36]} Rc3 {[%clk 0:01:05]} 59. Kg2 {[%clk 0:20:21]} Rc2+
{[%clk 0:01:35]} 60. Kh3 {[%clk 0:19:33]} g5 {[%clk 0:00:51]} 61. fxg5
{[%clk 0:19:39]} hxg5 {[%clk 0:00:49]} 62. g4+ {[%clk 0:17:49]} Kf4
{[%clk 0:00:56]} 63. Rxe6 {[%clk 0:17:35]} Kf3 {[%clk 0:00:53]} 64. Rxf6+
{[%clk 0:16:34]} Nxf6 {[%clk 0:01:12]} 65. Nc5 {[%clk 0:16:57]} Nxg4
{[%clk 0:01:16]} 0-1

[Event "EUYCC 2020 - U14"]
[Site "?"]
[Date "2020.08.22"]
[Round "9.6"]
[White "Pohle, Saskia"]
[Black "Herega, Nejc"]
[Result "0-1"]
[BlackElo "2006"]
[WhiteElo "1707"]
[LiveChessVersion "1.4.8"]

1. e4 {[%clk 1:30:59]} c5 {[%clk 1:30:53]} 2. Nf3 {[%clk 1:31:24]} d6
{[%clk 1:31:17]} 3. d4 {[%clk 1:31:50]} cxd4 {[%clk 1:31:42]} 4. Nxd4
{[%clk 1:32:16]} Nf6 {[%clk 1:32:07]} 5. Nc3 {[%clk 1:32:41]} a6 {[%clk 1:32:34]}
6. Bg5 {[%clk 1:32:17]} e6 {[%clk 1:32:39]} 7. f4 {[%clk 1:31:32]} Be7
{[%clk 1:31:06]} 8. Qf3 {[%clk 1:30:15]} Qc7 {[%clk 1:30:11]} 9. O-O-O
{[%clk 1:28:09]} Nbd7 {[%clk 1:23:22]} 10. g4 {[%clk 1:21:20]} b5
{[%clk 1:15:47]} 11. Bxf6 {[%clk 1:09:01]} Nxf6 {[%clk 1:08:43]} 12. g5
{[%clk 1:08:14]} Nd7 {[%clk 1:07:11]} 13. h4 {[%clk 1:05:28]} b4 {[%clk 0:59:09]}
14. Nce2 {[%clk 1:01:10]} Bb7 {[%clk 0:58:31]} 15. f5 {[%clk 0:53:27]} e5
{[%clk 0:49:45]} 16. f6 {[%clk 0:52:49]} exd4 {[%clk 0:48:29]} 17. fxe7
{[%clk 0:52:11]} Ne5 {[%clk 0:46:04]} 18. Qg2 {[%clk 0:49:59]} d3
{[%clk 0:40:16]} 19. Nd4 {[%clk 0:48:04]} dxc2 {[%clk 0:37:45]} 20. Rd2
{[%clk 0:47:27]} g6 {[%clk 0:37:39]} 21. Nxc2 {[%clk 0:41:49]} Rc8
{[%clk 0:35:04]} 22. Kb1 {[%clk 0:40:55]} Qxe7 {[%clk 0:33:40]} 23. Re2
{[%clk 0:26:58]} a5 {[%clk 0:27:52]} 24. Re1 {[%clk 0:25:36]} O-O
{[%clk 0:22:01]} 25. Ne3 {[%clk 0:20:08]} Nf3 {[%clk 0:20:20]} 26. Nd5
{[%clk 0:20:22]} Bxd5 {[%clk 0:18:45]} 27. Qxf3 {[%clk 0:20:44]} Be6
{[%clk 0:16:01]} 28. Bd3 {[%clk 0:18:57]} Qd7 {[%clk 0:12:56]} 29. h5
{[%clk 0:16:43]} Bxa2+ {[%clk 0:12:48]} 0-1

[Event "EUYCC 2020 - U14"]
[Site "?"]
[Date "2020.08.22"]
[Round "9.7"]
[White "Meers, Hubert"]
[Black "Csernyik, Mark"]
[Result "0-1"]
[BlackElo "1735"]
[WhiteElo "2079"]
[LiveChessVersion "1.4.8"]

1. e4 {[%clk 1:30:59]} c5 {[%clk 1:30:55]} 2. Nf3 {[%clk 1:31:26]} d6
{[%clk 1:31:21]} 3. d4 {[%clk 1:31:51]} cxd4 {[%clk 1:31:49]} 4. Nxd4
{[%clk 1:32:17]} Nf6 {[%clk 1:32:12]} 5. Nc3 {[%clk 1:32:43]} g6 {[%clk 1:32:31]}
6. Be3 {[%clk 1:32:37]} Bg7 {[%clk 1:32:54]} 7. f3 {[%clk 1:32:38]} O-O
{[%clk 1:31:32]} 8. Qd2 {[%clk 1:33:00]} Nc6 {[%clk 1:31:55]} 9. g4
{[%clk 1:33:26]} Be6 {[%clk 1:32:14]} 10. Nxe6 {[%clk 1:33:49]} fxe6
{[%clk 1:32:37]} 11. O-O-O {[%clk 1:31:38]} Ne5 {[%clk 1:32:05]} 12. Be2
{[%clk 1:26:03]} Qc8 {[%clk 1:31:48]} 13. h4 {[%clk 1:12:47]} Nfd7
{[%clk 1:31:09]} 14. h5 {[%clk 0:48:22]} Nb6 {[%clk 1:21:57]} 15. hxg6
{[%clk 0:47:44]} Nxg6 {[%clk 1:21:56]} 16. f4 {[%clk 0:37:23]} Nc4
{[%clk 1:12:06]} 17. Bxc4 {[%clk 0:37:01]} Qxc4 {[%clk 1:12:29]} 18. Qh2
{[%clk 0:37:07]} h6 {[%clk 1:07:58]} 19. f5 {[%clk 0:36:27]} Ne5 {[%clk 1:07:17]}
20. Bxh6 {[%clk 0:35:47]} Nxg4 {[%clk 1:07:11]} 21. Qg3 {[%clk 0:36:03]} Nxh6
{[%clk 1:02:00]} 22. Rxh6 {[%clk 0:35:00]} exf5 {[%clk 1:00:21]} 23. Rdh1
{[%clk 0:34:37]} Qd4 {[%clk 0:55:32]} 24. exf5 {[%clk 0:31:12]} Rxf5
{[%clk 0:46:30]} 25. Rh8+ {[%clk 0:31:32]} Kf7 {[%clk 0:46:55]} 26. Rxa8
{[%clk 0:31:54]} Rf2 {[%clk 0:46:40]} 27. Rg1 {[%clk 0:28:42]} Qd2+
{[%clk 0:46:46]} 0-1

[Event "EUYCC 2020 - U14"]
[Site "?"]
[Date "2020.08.22"]
[Round "9.8"]
[White "Zelbova, Lada"]
[Black "Martinkova, Magdalena"]
[Result "1-0"]
[BlackElo "1538"]
[WhiteElo "1719"]
[LiveChessVersion "1.4.8"]

1. e4 {[%clk 1:30:57]} e5 {[%clk 1:30:55]} 2. Nf3 {[%clk 1:31:21]} Nc6
{[%clk 1:31:21]} 3. Bb5 {[%clk 1:31:44]} a6 {[%clk 1:31:47]} 4. Bxc6
{[%clk 1:32:09]} dxc6 {[%clk 1:32:13]} 5. O-O {[%clk 1:32:28]} f6
{[%clk 1:32:39]} 6. d4 {[%clk 1:32:31]} exd4 {[%clk 1:33:05]} 7. Qxd4
{[%clk 1:30:56]} Qxd4 {[%clk 1:28:21]} 8. Nxd4 {[%clk 1:31:19]} Bd6
{[%clk 1:23:12]} 9. Be3 {[%clk 1:26:05]} c5 {[%clk 1:22:29]} 10. Nb3
{[%clk 1:25:47]} b6 {[%clk 1:22:55]} 11. a4 {[%clk 1:19:06]} Ne7 {[%clk 1:14:52]}
12. a5 {[%clk 1:16:14]} O-O {[%clk 1:03:03]} 13. axb6 {[%clk 1:08:38]} cxb6
{[%clk 1:03:26]} 14. Rd1 {[%clk 1:02:32]} Be5 {[%clk 1:01:26]} 15. Nc3
{[%clk 0:52:45]} Bxc3 {[%clk 0:50:33]} 16. bxc3 {[%clk 0:53:09]} c4
{[%clk 0:46:35]} 17. Nd4 {[%clk 0:51:06]} b5 {[%clk 0:46:12]} 18. Nxb5
{[%clk 0:49:07]} Bg4 {[%clk 0:45:13]} 19. f3 {[%clk 0:44:56]} Bxf3
{[%clk 0:40:43]} 20. gxf3 {[%clk 0:44:41]} axb5 {[%clk 0:41:00]} 21. Bc5
{[%clk 0:42:32]} Rxa1 {[%clk 0:40:13]} 22. Rxa1 {[%clk 0:42:56]} Re8
{[%clk 0:40:05]} 23. Rb1 {[%clk 0:34:10]} Ng6 {[%clk 0:39:25]} 24. Rxb5
{[%clk 0:32:53]} Ra8 {[%clk 0:38:31]} 25. Rb2 {[%clk 0:19:10]} Ra1+
{[%clk 0:37:11]} 26. Kf2 {[%clk 0:19:20]} Rh1 {[%clk 0:36:35]} 27. Kg2
{[%clk 0:18:10]} Rd1 {[%clk 0:35:10]} 28. Be3 {[%clk 0:15:56]} Re1
{[%clk 0:34:29]} 29. Bf2 {[%clk 0:11:42]} Nf4+ {[%clk 0:28:10]} 30. Kg3
{[%clk 0:10:21]} Ne2+ {[%clk 0:28:37]} 31. Kh3 {[%clk 0:05:49]} Rd1
{[%clk 0:24:12]} 32. Bd4 {[%clk 0:03:21]} Nxd4 {[%clk 0:23:53]} 33. cxd4
{[%clk 0:03:46]} Rxd4 {[%clk 0:24:20]} 34. Rb4 {[%clk 0:03:20]} Kf7
{[%clk 0:24:30]} 35. Kg3 {[%clk 0:03:06]} g5 {[%clk 0:20:18]} 36. c3
{[%clk 0:02:15]} Rd2 {[%clk 0:20:32]} 37. Rxc4 {[%clk 0:02:09]} h5
{[%clk 0:20:27]} 38. h4 {[%clk 0:01:51]} Ke6 {[%clk 0:16:44]} 39. Rc5
{[%clk 0:00:59]} gxh4+ {[%clk 0:15:09]} 40. Kxh4 {[%clk 0:01:23]} Rh2+
{[%clk 0:15:36]} 41. Kg3 {[%clk 0:01:47]} Rc2 {[%clk 0:15:19]} 42. f4
{[%clk 0:00:52]} Kf7 {[%clk 0:14:17]} 43. Kh4 {[%clk 0:00:45]} Rh2+
{[%clk 0:14:32]} 44. Kg3 {[%clk 0:01:09]} Re2 {[%clk 0:13:11]} 45. Kf3
{[%clk 0:01:18]} Rc2 {[%clk 0:13:33]} 46. f5 {[%clk 0:01:19]} h4 {[%clk 0:11:33]}
47. Rc7+ {[%clk 0:01:44]} Kg8 {[%clk 0:11:33]} 48. Kg4 {[%clk 0:01:54]} Re2
{[%clk 0:11:47]} 49. Kxh4 {[%clk 0:01:41]} Rxe4+ {[%clk 0:12:14]} 50. Kh5
{[%clk 0:01:51]} Re8 {[%clk 0:10:38]} 51. Kg6 {[%clk 0:01:57]} Rf8
{[%clk 0:10:56]} 52. c4 {[%clk 0:01:51]} Kh8 {[%clk 0:11:08]} 53. c5
{[%clk 0:01:45]} Rg8+ {[%clk 0:00:32]} 54. Kxf6 {[%clk 0:01:56]} Rg7
{[%clk 0:00:32]} 55. Rc8+ {[%clk 0:01:39]} 1-0